| 000 | 00000nam##2200000za#4500 |
| 001 | 9.661455 |
| 003 | CaOODSP |
| 005 | 20210615120115 |
| 007 | ta |
| 008 | 150407|1999||||xxc||||| f|0| 0 eng|d |
| 020 | |a0-662-64616-9 |
| 040 | |aCaOODSP|beng |
| 041 | |aeng |
| 041 | |afre |
| 043 | |an-cn--- |
| 086 | 1 |aH49-125/1999 |
| 110 | 1 |aCanada.|bHealth Canada. |bHealth Protection Branch. |
| 245 | 10|aWomen's health surveillance: a plan of action for Health Canada : |ba report of the Advisory Committee on Women's Health Surveillance |
| 260 | |aOttawa - Ontario : |bHealth Canada. |c1999. |
| 300 | |aEnglish text, 102p. ; |c28 cm. |
| 546 | |aBilingual |
| 563 | |aSoftcover |
| 590 | |a00-26|b2000-06-30 |
| 690 | 07|aWomen|2gcpds |
| 690 | 07|aHealth|2gcpds |
| 690 | 07|aHealth promotion|2gcpds |
| 720 | 1 |aBégin, Monique |
| 776 | 0#|tLa surveillance de la santé des femmes : |w(CaOODSP)9.639556 |
| 776 | 0#|tWomen's health surveillance : |w(CaOODSP)9.695418 |
| 792 | |tLa surveillance de la santé des femmes: un plan d'action pour Santé Canada : |efre|w(CaOODSP)9.661456 |